Lecture on the mathematical method in analytic economics

שמור ב:
מידע ביבליוגרפי
מחבר ראשי: Jacob T Schwartz
פורמט: ספר
שפה:Undetermined
יצא לאור: New York Gordon and Breach
נושאים:
תגים: הוספת תג
אין תגיות, היה/י הראשונ/ה לתייג את הרשומה!
Thư viện lưu trữ: Trung tâm Học liệu Trường Đại học Cần Thơ
LEADER 00497nam a2200169Ia 4500
001 CTU_20712
008 210402s9999 xx 000 0 und d
082 |a 330.0151 
082 |b S399 
100 |a Jacob T Schwartz 
245 0 |a Lecture on the mathematical method in analytic economics 
245 0 |c Jacob T Schwartz 
260 |a New York 
260 |b Gordon and Breach 
650 |a economics, mathematical 
904 |i Minh, 971226 
980 |a Trung tâm Học liệu Trường Đại học Cần Thơ